000 00444nam a2200169Ia 4500
003 GCL
008 140319s9999 xx 000 0 eng d
040 _aGCL /
_cGCL
082 0 4 _a174.2
_bC G
100 1 _aCLARKE, ANGUS
245 1 0 _aGENETIC COUNSELLIN: PRACTICE AND PRINCIPLES /
_cCLARKE, ANGUS
260 _a[S.N] :
_bROUTLEDGE ،
_c1994
300 _a266 P
650 0 4 _aGENETIC COUNCELING
650 0 4 _aABNORMALITIES
942 _2ddc
_cBK
999 _c21219
_d21219